00441nam a2200133Ia 45000010005000000080041000050200022000460820019000681000039000872450079001262600060002059010027002659990015002923888241024s9999 xx 000 0 und d a978-9945-415-59-9 aRD/863.5/C726s aDomingo Ángel Tavárez Jáquez 0aAventuras y encuentros mágicos. Cuentos de niños y niñas dominicanos bPontificia Universidad Católica Madre y Maestrac2014 a28/1/2015 9:54:35 a.m. c7782d7782